Star Wars: Lightsaber Colors Click Quiz - Statistics

General Stats
  • This quiz has been taken 144 times
    139 since last reset
  • The average score is 27 of 37
Answer Stats
Hint Answer % Correct
Mace Windu Purple
94%
Rey Blue
93%
Darth Maul Red
93%
Darth Bane Red
92%
Darth Plagueis Red
92%
Yoda Green
91%
Count Dooku Red
91%
Obi-Wan Kenobi Blue
90%
Darth Nihilus Red
90%
Sheev Palpatine Red
89%
Qui-Gon Jinn Green
88%
Grand Inquisitor Red
88%
Savage Opress Red
83%
Ki-Adi Mundi Blue
81%
Aayla Secura Blue
80%
Leia Organa Blue
79%
Plo Koon Blue
79%
Yaddle Green
79%
Shaak Tii Blue
77%
Kit Fisto Green
75%
Din Djarin Black
73%
Luminara Unduli Green
72%
Moff Gideon Black
71%
Kanan Jarrus Blue
71%
Adi Gallia Blue
66%
Jocasta Nu Blue
65%
Pre Vizla Black
64%
Quinlan Vos Green
63%
Even Piell Green
58%
Coleman Trebor Green
58%
Eeth Koth Green
57%
Agen Kolar Blue
54%
Coleman Kcaj Green
52%
Yarael Poof Blue
50%
Saesee Tiin Green
50%
Oppo Rancisis Green
43%
Stass Allie Green
27%
No matching quizzes found
Score Distribution
Percent of People with Each Score
Percentile by Number Answered
Your Score History
You have not taken this quiz since the last reset